Normal view
MARC view
- Electronics.
Entry Topical Term
001 - CONTROL NUMBER
- control field: 57165
003 - CONTROL NUMBER IDENTIFIER
- control field: OSt
005 - DATE AND TIME OF LATEST TRANSACTION
- control field: 20240517140000.0
008 - FIXED-LENGTH DATA ELEMENTS
- fixed length control field: 240517|| aca||aabn | a|a d
040 ## - CATALOGING SOURCE
- Original cataloging agency: OSt
- Transcribing agency: OSt
150 ## - HEADING--TOPICAL TERM
- Topical term or geographic name entry element: Electronics.
670 ## - SOURCE DATA FOUND
- Source citation: Work cat.: (OSt)18885: Torchio, Ricardo. author. 51245, FET-PEEC: , January 2022.
